000 00445nam a2200193Ia 4500
005 20240823021014.0
008 240823s9999||||xx |||||||||||||| ||und||
020 _a81 8371 020 4
041 _aENGLISH
082 _A006.32 P6
100 _aSwamy C N
245 0 _aProjects on Neural Networks
250 _a1st
260 _c2006
_bsc
500 _aTRANSFERED
650 _aNeural
_bSoftware Engineering
942 _cBK
999 _c176072
_d176072